Fernao Mendes Pinto y el conocimiento etnográfico de Lejano Oriente en el siglo XVI / (Record no. 73754)

MARC details
000 -LEADER
campo de control de longitud fija 00806nam a2200205 i 4500
001 - NÚMERO DE CONTROL
campo de control 73754
003 - IDENTIFICADOR DE NÚMERO DE CONTROL
campo de control ES-MaACL
005 - FECHA Y HORA DE LA ÚLTIMA TRANSACCIÓN
campo de control 20250815070711.0
007 - CAMPO FIJO DE DESCRIPCIÓN FÍSICA--INFORMACIÓN GENERAL
campo de control de longitud fija t|
008 - DATOS DE LONGITUD FIJA--INFORMACIÓN GENERAL
campo de control de longitud fija 040910q19701979po ||||1| spa d
100 0# - ENTRADA PRINCIPAL--NOMBRE DE PERSONA
Nombre de persona Gómez-Tabanera, José Manuel,
Fechas asociadas al nombre 1926-2011
9 (RLIN) 58165
245 10 - MENCIÓN DEL TÍTULO
Título Fernao Mendes Pinto y el conocimiento etnográfico de Lejano Oriente en el siglo XVI /
Mención de responsabilidad, etc. José Gómez-Tabanera.
260 ## - PUBLICACIÓN, DISTRIBUCIÓN, ETC.
Lugar de publicación, distribución, etc. Porto :
Nombre del editor, distribuidor, etc. Junta Distrital :
-- Museu de Etnografía e Historia,
Fecha de publicación, distribución, etc. [197-?]
300 ## - DESCRIPCIÓN FÍSICA
Extensión 24 p. :
Otras características físicas il. ;
Dimensiones 23 cm.
500 ## - NOTA GENERAL
Nota general Es Separata de: Revista de etnografía, nº 31, p. 5-24.
600 17 - PUNTO DE ACCESO ADICIONAL DE MATERIA--NOMBRE DE PERSONA
Nombre de persona Pinto, Fernao Mendes,
Fechas asociadas al nombre ca. 1509-1583.
Título de la obra Peregrinação
Fuente del encabezamiento o término
9 (RLIN) 138274
710 2# - ENTRADA AGREGADA--NOMBRE DE ENTIDAD CORPORATIVA
Nombre de entidad corporativa o nombre de jurisdicción como elemento de entrada Museu de Etnografía e Historia (Porto)
9 (RLIN) 5940
852 ## - LOCALIZACIÓN
Ubicación ES-MaACL
Número de control de estantería 2138-F-8
Sublocalización o colección R.114400
Holdings
Estatus retirado Estado de pérdida Estado de daño No para préstamo Colección Biblioteca de origen Biblioteca actual Ubicación en estantería Fecha de adquisición Fuente de adquisición Total de préstamos Signatura topográfica completa Código de barras Visto por última vez Precio de reemplazo Tipo de ítem Koha
        Colección de folletos Biblioteca del Ateneo de Madrid Biblioteca del Ateneo de Madrid Depósito folletos 17/01/2008     2138-F-8 1077202 23/02/2023 23/02/2023 Folleto